Presentation techniques / (Record no. 353860)

000 -LEADER
fixed length control field 01436nam a2200217 a 4500
001 - CONTROL NUMBER
control field ASIN0316912433
003 - CONTROL NUMBER IDENTIFIER
control field OSt
005 - DATE AND TIME OF LATEST TRANSACTION
control field 20240220111046.0
008 - FIXED-LENGTH DATA ELEMENTS--GENERAL INFORMATION
fixed length control field 131231s1990 xxu eng d
020 ## - INTERNATIONAL STANDARD BOOK NUMBER
International Standard Book Number 0316912433 (hardcover)
020 ## - INTERNATIONAL STANDARD BOOK NUMBER
International Standard Book Number 9780316912433 (hardcover)
040 ## - CATALOGING SOURCE
Transcribing agency a
082 ## - DEWEY DECIMAL CLASSIFICATION NUMBER
Classification number 745.2
Author Mark POW
100 1# - MAIN ENTRY--PERSONAL NAME
Personal name Powell, Dick.
9 (RLIN) 120801
245 10 - TITLE STATEMENT
Title Presentation techniques /
Statement of responsibility, etc. Dick Powell.
260 ## - PUBLICATION, DISTRIBUTION, ETC.
Place of publication, distribution, etc. [S.l.] :
Name of publisher, distributor, etc. Little, Brown & Company,
Date of publication, distribution, etc. 1990.
300 ## - PHYSICAL DESCRIPTION
Extent 160 p. ;
Dimensions 29 cm.
520 ## - SUMMARY, ETC.
Summary, etc. The importance of presenting design ideas with the maximum clarity and precision is the central theme of this manual, which describes the principles of perspective drawing and colouring techniques, with chapters on marker, airbrush and coloured paper rendering and special finishes. All types of line and descriptive drawing are explored, including cutaways and exploded views; and step-by-step drawings show how to build up a product visual, following the entire sequence to the finished drawings. Illustrated throughout with more thanj300 colour illustrations, including examples by some of the most interesting and imaginative designers working today, as well as the author's own drawings, Presentation Techniques will give designers confidence in presenting their ideas in the most visually exciting way.
856 40 - ELECTRONIC LOCATION AND ACCESS
Materials specified Amazon.com
Uniform Resource Identifier <a href="http://www.amazon.com/exec/obidos/ASIN/0316912433/chopaconline-20">http://www.amazon.com/exec/obidos/ASIN/0316912433/chopaconline-20</a>
942 ## - ADDED ENTRY ELEMENTS (KOHA)
Source of classification or shelving scheme
Koha item type Book
Holdings
Withdrawn status Lost status Source of classification or shelving scheme Damaged status Not for loan Permanent Location Current Location Date acquired Total Checkouts Total Renewals Full call number Barcode Date last seen Date last checked out Cost, replacement price Price effective from Koha item type Source of acquisition Copy number
          School of Art Design and Architecture (SADA) School of Art Design and Architecture (SADA) 12/31/2013 3 1 745.2 POW 1990 SADA0002179 01/20/2016 12/29/2015 3966.75 12/31/2013 Book    
          School of Art Design and Architecture (SADA) School of Art Design and Architecture (SADA) 05/16/2018     745.2 POW 1990 SADA0002786 02/20/2024   1402.00 02/20/2024 Book Photocopy 02
          School of Art Design and Architecture (SADA) School of Art Design and Architecture (SADA) 05/16/2018     745.2 POW 1990 SADA0002787 02/20/2024   1402.00 02/20/2024 Book Photocopy 03
© 2023 Central Library, National University of Sciences and Technology. All Rights Reserved.